00388nam a22001337a 4500003000400000005001700004008004100021020001700062040003600079082001500115245006200130260004800192300001400240OSt20240605123917.0201013b ||||| |||| 00| 0 eng d a979999350353 cNepal Rajkiya Pragya Pratisthan a895.513109 aKathako Siddhanta Ra Viivechanacby Dr. Hariprasad Sharma aKathmandu bNepal Rajkiya Pragya Pratisthan a293 pages